000 00645nam a22001817a 4500
003 UA-OsUOA
001 16910
007 ta
008 20040202b un ||||| |||| 00| 0 ukr d
100 _aБасараба В.
942 _cSA
040 _aUA-OsUOA
_cUA-OsUOA
_dUA-OsUOA
245 _aСвято одкровення
_b[Про поета Г.Чубая , який народився в с.Березини ,що неподалік від Козина Радивилів. р-ну]
300 _aС.11
955 _a0
773 0 _w0
_tВільне слово
_dРівне
_d2004
_g№7/23 січ./
650 7 _aКраєзнавча робота
_2UDC
999 _c303078
_d303078